000 00371 a2200145 4500
005 20250624092220.0
020 _a978-93-5084-575-2
082 _a658.7JOH
100 _aJOHRI. N.
245 _aLogistics Management
250 _a7th Ed
260 _aNew Delhi,
_bAnVi Composers,
_c2014.
300 _avii,; 247p; ill, table
_bBibliography, Index
_c24cm
942 _2ddc
_cBKS
999 _c4789
_d4789